000
00239nam a22000857a 4500
008
160628b xxu||||| |||| 00| 0 eng d
100
_9
1254
_a
Biswas, A
245
_a
India and the Modern World - IX
260
_a
New Delhi
_b
Arya Publication
_c
2001
999
_c
1028
_d
1028